LEADER 00839nam a2200205 i 4500 001 000000207928 003 CaOOAMICUS 005 20111109000000.0 008 111109s1802 it u000 u ita u 013 $a186711 026 $araci leli o.no Va(a (3) 1802 (A) 040 $aSeMil$bita 100 1 $aParini, Giuseppe,$d<1729-1799>.$0(OLS)http://semarc/name/1284 245 10$aVol. 2. 300 $aVII, [1], 262, [2] p. 500 $aDedica a Vittorio Alfieri. 773 0 $aParini, Giuseppe <1729-1799>$tOpere di Giuseppe Parini pubblicate ed illustrate da Francesco Reina. Vol. 1. [-6.].$dMilano : Presso la stamperia e fonderia del Genio Tipografico, 1801-1804.$g2$w()25742 850 $aSeMil 852 $aSeMil$W1$xVenegono$y1$m1N VII 21 FA$j158386$B158386$CSeMilBibl$Z2$F169589 $8I 996 $6245$aVol. 2$9(OLS)http://semarc/title/13458 LEADER 01376nam a2200253 i 4500 001 000000072819 003 CaOOAMICUS 005 20140521000000.0 008 140521s1837 xx u000 u fre u 013 $a43991 040 $aSeMil$bita 100 1 $aKant, Immanuel,$d<1724-1804>.$0(OLS)http://semarc/name/2543 245 10$aPrincipes métaphysiques du droit :$bauxquels ont été ajoutés 1. le Projet de paix perpétuelle, par le même auteur ; 2. l'analyse très-détaillée de ces deux ouvrages par Mellin /$cpar Emm. Kant ; le tout traduit de l'allemand par J. Tissot. 260 $aParis :$bLadrange,$c1837. 300 $aVI, 465 p. ;$c23 cm. 650 4$aKant, Immanuel <1724-1804> - Filosofia del diritto.$0(OLS)http://semarc/subject/14746 700 1 $aTissot, Joseph,$d<1801-1876>.$0(OLS)http://semarc/name/3165 700 1 $aMellin, George Samuel Albert.$0(OLS)http://semarc/name/36072 850 $aSeMil 852 $aSeMil$W1$xVenegono$y1$m2Q III 29 FA$j38972$B38972$CSeMilBibl$Z2$F38975 $8I 941 1 $a10 961 $aRecupero: Mantegazza 996 $6245$aPrincipes métaphysiques du droit :$bauxquels ont été ajoutés 1. le Projet de paix perpétuelle, par le même auteur ; 2. l'analyse très-détaillée de ces deux ouvrages par Mellin$9(OLS)http://semarc/title/117479 996 $6260$aParis :$bLadrange$9(OLS)http://semarc/publisher/33228